00489nam a2200145Ia 4500008004100000041000800041082001400049100002100063245004400084260003400128300003000162365001100192999001700203952012300220240624s9999 xx 000 0 und d aeng a651.7 MAC aFAIR C CHRISTINE aFIGHTING TO THE END THE PAKISTAN ARMY S c2014aNew DelhibOxford India axv, : 347 : p. : cm. ; 23 cRSb31 c23348d23348 00104070aIMTNbIMTNcRack 17-Bd2014-10-07eAPg750.00l0o651.7 MACp23348r2024-06-24 00:00:00t1w2024-06-24yBK